Largest Country Subdivisions in the Americas by Area - Statistics

General Stats
  • This quiz has been taken 59 times
  • The average score is 13 of 17
Answer Stats
sqkm Answer % Correct
1,717,854 Alaska
100%
1,542,056 Quebec
91%
1,076,395 Ontario
89%
696,241 Texas
89%
423,970 California
87%
2,093,190 Nunavut
85%
1,346,106 Northwest Territories
83%
661,848 Alberta
80%
948,596 British Columbia
80%
651,036 Saskatchewan
80%
1,570,947 Amazonas
76%
647,797 Manitoba
76%
482,443 Yukon (territory)
76%
1,253,164 Para
65%
906,807 Mato Grosso
54%
586,528 Minas Gerais
48%
564,273 Bahia
43%
No matching quizzes found
Score Distribution
Percent of People with Each Score
Percentile by Number Answered
Your Score History
You have not taken this quiz